000 00435pab a2200169 454500
008 180718b2015 xxu||||| |||| 00| 0 eng d
100 _aBhatty, Kiran
245 _aThe public education system and what the costs imply
260 _c2015
300 _ap.10-13.
362 _a1 Aug
650 _aPublic education
700 _aRoy, Rathin
700 _aDe, Anuradha
773 _aEconomic and Political Weekly
909 _a109043
999 _c109038
_d109038